000 00525nam a2200181 4500
003 SEACOMEC
005 20240417123433.0
008 231007b |||||||| |||| 00| 0 eng d
020 _cRs. 195.00
_a978-8131760307
040 _aSEACOMEC
082 _a004.2
_bI61
100 1 _aITL Education
245 1 _aIntroduction to Computer Science
_cITL Education
260 _aDelhi
_bPearson
_c2005
650 _aComputer science
650 _aSystems analysis and design, computer architecture, performance evaluation
942 _cBOOK
999 _c189
_d189